Witch Trial Executions by Country in Europe - Statistics

General Stats
  • This quiz has been taken 128 times
  • The average score is 14 of 16
Answer Stats
Deaths Country % Correct
6,887 Germany
100%
1 Spain
99%
557 United Kingdom
99%
60 Italy
96%
1,663 France
94%
13 Austria
93%
5,691 Switzerland
93%
3 Poland
91%
1 Ireland
90%
46 Netherlands
88%
280 Norway
87%
378 Belgium
84%
115 Finland
84%
474 Hungary
82%
99 Luxembourg
66%
65 Estonia
62%
No matching quizzes found
Score Distribution
Percent of People with Each Score
Percentile by Number Answered
Your Score History
You have not taken this quiz